[Event "Vojvodina-chT"]
[Site "Novi Sad"]
[Date "2017.11.15"]
[Round "3.2"]
[White "Azaric, Slavko"]
[Black "Reljic, Zoran"]
[Result "1-0"]
[WhiteElo "2277"]
[BlackElo "2126"]
[PlyCount "55"]
[EventDate "2017.11.13"]
[EventType "team-tourn"]
[EventRounds "11"]
[EventCountry "SRB"]
[SourceTitle "CBM 181 Extra"]
[Source "ChessBase"]
[SourceDate "2017.12.12"]
[SourceVersion "1"]
[SourceVersionDate "2017.12.12"]
[SourceQuality "1"]
[WhiteTeam "Srpska Crnja Buducnost"]
[BlackTeam "Indija Sloga"]
[WhiteTeamCountry "SRB"]
[BlackTeamCountry "SRB"]

1. e4 c5 2. Nc3 Nc6 3. Nge2 d6 4. d4 cxd4 5. Nxd4 Nf6 6. Bg5 e5 7. Ndb5 a6 8. Na3 Be6 9. Nc4 b5 10. Ne3 Qa5 11. Bxf6 gxf6 12. a4 b4 13. Ncd5 Be7 14. Bd3 Bxd5 15. Nxd5 Nd4 16. 0-0 Qc5 17. a5 f5 18. c3 bxc3 19. bxc3 Ne6 20. exf5 Qxd5 21. Qa4+ Kf8 22. Be4 Qd2 23. fxe6 Rd8 24. exf7 Kxf7 25. Rfd1 Qg5 26. Qc4+ Kf6 27. Rd3 Bf8 28. Rf3+ 1-0